banner-ar

ATLAS DE LA BIOLOGIE / (Record no. 22349)

MARC details
000 -الفاتح
حقل البيانات ثابتة الطول 00425nam a2200169Ia 4500
008 - عناصر البيانات ثابتة الطول - معلومات عامة
حقل البيانات ثابتة الطول 140319s9999 xx 000 0 eng d
040 ## - مصدر الفهرسة
وكالة الفهرسة الأصلية GCL /
وكالة النسخ GCL
082 04 - رقم تصنيف ديوى العشرى
رقم التصنيف 574
رقم المادة V A
100 1# - المدخل الرئيسى - إسم شخصى
الإسم الشخصى VOYEL, GUNTHER
245 10 - بيان العنوان
العنوان ATLAS DE LA BIOLOGIE /
بيان المسئوليه,etc VOYEL, GUNTHER
260 ## - PUBLICATION, DISTRIBUTION, ETC. (IMPRINT)
تاريخ النشر أو التوزيع 1984
300 ## - الوصف المادى
التعداد 641 P
490 ## - بيان السلسلة
عنوان السلسلة LE LIVRE DE POCHE
رقم المجلد/ التعيين التسلسلي 0
650 04 - المدخل الاضافى بالموضوع-مصطلح موضوعى
مصطلح موضوعي BIOLOGY
942 ## - عناصر المدخل الإضافي( كوها)
مصدر التصنيف او مخطط الترفيف Dewey Decimal Classification
Koha [default] item type كتاب
260 ## - PUBLICATION, DISTRIBUTION, ETC. (IMPRINT)
-- [S.N] :
-- LE LIVRE DE POCHE ،
Holdings
حالة التراجع حالة الفقد حالة تلف ليس للاعارة المكان المؤقت الموقع الحالى تاريخ الاكتساب اجمالي اﻻعارات رقم الطلب الباركود تاريخ اخر مشاهدة تاريخ تفعيل السعر نوع وعاء كوها
        مكتبة القاهرة الكبرى مكتبة القاهرة الكبرى 03/26/2014   574\V A 40613 03/26/2014 03/26/2014 كتاب

Powered By

EGPV